THE NEW SCOFIELD STUDY BIBLE HOLY BIBLE; (Record no. 7125)
[ view plain ]
| 000 -LEADER | |
|---|---|
| fixed length control field | 00453nam a22001217a 4500 |
| 005 - DATE AND TIME OF LATEST TRANSACTION | |
| control field | 20250723170352.0 |
| 008 - FIXED-LENGTH DATA ELEMENTS--GENERAL INFORMATION | |
| fixed length control field | 250723b |||||||| |||| 00| 0 eng d |
| 050 ## - LIBRARY OF CONGRESS CALL NUMBER | |
| Classification number | REF BS185 |
| Item number | HOL |
| 245 ## - TITLE STATEMENT | |
| Title | THE NEW SCOFIELD STUDY BIBLE HOLY BIBLE; |
| Remainder of title | WITH INTRODUCTIONS, ANNOTATIONS, SUBJECT CHAIN REFERENCES, AND SUCH WORD CHANGES IN THE TEXT AS WILL HELP THE READER |
| 260 ## - PUBLICATION, DISTRIBUTION, ETC. | |
| Place of publication, distribution, etc. | NEW YORK |
| Name of publisher, distributor, etc. | OXFORD UNIVERSITY PRESS |
| Date of publication, distribution, etc. | c1967 |
| 300 ## - PHYSICAL DESCRIPTION | |
| Extent | xiv, 1392p |
| 942 ## - ADDED ENTRY ELEMENTS (KOHA) | |
| Source of classification or shelving scheme | Library of Congress Classification |
| Koha item type | Books |
| Suppress in OPAC | No |
| 999 ## - | |
| -- | 7125 |
| -- | 7125 |
| Withdrawn status | Lost status | Source of classification or shelving scheme | Damaged status | Not for loan | Collection | Home library | Current library | Shelving location | Date acquired | Total checkouts | Full call number | Barcode | Date last seen | Copy number | Price effective from | Koha item type |
|---|---|---|---|---|---|---|---|---|---|---|---|---|---|---|---|---|
| Library of Congress Classification | Reference | Undergraduate Library (Christ Temple) | Undergraduate Library (Christ Temple) | General stacks | 07/23/2025 | BS185 HOL | ulct00004100 | 07/23/2025 | 1 | 07/23/2025 | Books |